000 00815cam a22002537a 4500
008
020 _a1855739046 (hb : Woodhead Pub.)
049 _aMAIN
090 _aTS1449
_bHU
100 1 _aHu, Jinlian.
245 1 0 _aStructure and mechanics of woven fabrics /
_cJinlian Hu.
260 _aBoca Raton, Fla. :
_bCRC Press ;
_aCambridge :
_bWoodhead Pub.,
_c2004.
300 _axii, 307 p. :
_bill. ;
_c24 cm.
440 0 _aWoodhead Publishing in textiles
500 _aIncludes index.
504 _aIncludes bibliographical references.
650 0 _aTextile fabrics
_xTesting.
650 0 _aTextile fabrics
_xMechanical properties.
907 _a.b10353227
_b17-12-14
_c17-12-14
003
005 20230123122132.0
040 _cNUST
942 _cBOOKS
_kTS1449
_mHU
999 _c128402
_d128402